000 01969nam0a22003131 4500
001 rc\181158
005 20260407070407.0
035 _a(NLR Aleph) 005440498
090 _a4752198
_c4752198
100 _a20030307d1996 |||y0rusy50 ca
101 0 _arus
102 _aRU
105 _aac z|||||||b
200 1 _aАкадемик Самсон Семенович Кутателадзе
_eВоспоминания. Из неопубликованных работ
_fАО открытого типа "Науч.-произв. об-ние по исслед. и проектированию энерг. оборуд. им. И.И. Ползунова" (АООТ "НПО ЦКТИ), Ин-т теплофизики Сиб. отд-ния Рос. акад. наук (ИТФ СО РАН)
_g[редкол.: акад. РАН В.Е. Накоряков и др.]
210 _aСанкт-Петербург
_cНПО ЦКТИ
_d1996
215 _a176 с., [7] л. ил., портр.
_d21
320 _aБиблиогр.: с. 92, 161-167
540 1 _aКутателадзе Самсон Семенович, академик
600 1 _aКутателадзе
_bС.С.
_f1914 - 1986
_gСамсон Семенович
_92083922
_3RU\NLR\AUTH\661259996
686 1 _aз31д
702 1 _aНакоряков
_bВ. Е.
_f1935-
_gВладимир Елиферьевич
_4340
702 1 _4570
_8rus
_7ca
_aКутателадзе
_bС. С.
_cд-р физ.-мат. наук, физик
_f1914-1986
_gСамсон Семенович
_3RU\NLR\AUTH\77102489
_985415
712 0 2 _4475
_aНаучно-производственное объединение по исследованию и проектированию энергетического оборудования им. И. И. Ползунова
_cСанкт-Петербург
_3RU\NLR\AUTH\8810033893
_9566253
801 0 _aRU
_bNLR
_gpsbo
801 1 _aRU
_bELAR
_2rusmarc
852 _aNLR
_j97-3/5097
942 _cBOOK
980 _aNB